000 00315nam a2200109Ia 4500
008 190216s9999||||xx |||||||||||||| ||und||
100 _a"Sreedharan K, Nambissan Kmu&Amp; Naisr Vc"
245 0 _aKerala Engineering Entrance Examination
260 _b"Sun Publications, Calicut"
_c1984
300 _a380p
942 _cREF
999 _c35530
_d35530